Piscicultura intensiva
-д хадгалсан:
| Үндсэн зохиолчид: | , |
|---|---|
| Формат: | Ном |
| Хэл сонгох: | испани |
| Хэвлэсэн: |
Zaragoza
Acribia
1999
|
| Хэвлэл: | 1a. ed |
| Нөхцлүүд: | |
| Шошгууд: |
Шошго нэмэх
Шошго байхгүй, Энэхүү баримтыг шошголох эхний хүн болох!
|
MARC
| LEADER | 00000nam a2200000 a 4500 | ||
|---|---|---|---|
| 001 | UCN1744 | ||
| 003 | CL-VaPUC | ||
| 008 | 010504e19990000SP |||||||||||||||||spa|d | ||
| 020 | |a 8420008745 | ||
| 082 | 0 | 4 | |a 639.3 |b SHE |2 21 |
| 100 | 0 | |a Shepherd, C. Jonathan |e author |9 457046 | |
| 700 | 0 | |a Bromage, Niall R |e author |9 457047 | |
| 245 | 1 | 0 | |a Piscicultura intensiva |
| 250 | |a 1a. ed | ||
| 300 | |a 405 p | ||
| 942 | |c BK | ||
| 945 | |d 20010504 00:00:00 |a vberengu | ||
| 260 | |a Zaragoza |b Acribia |c 1999 | ||
| 650 | 0 | |a Recursos pesqueros |9 255431 | |
| 650 | 7 | |a PECES |2 CL-VaPUC |9 457048 | |
| 650 | 7 | |a SALMONIDOS |2 CL-VaPUC |9 262115 | |
| 650 | 7 | |a ENFERMEDADES DE LOS PECES |2 CL-VaPUC |9 259987 | |
| 651 | 0 | |a Japón |9 260391 | |
| 651 | 0 | |a Estados Unidos |9 255178 | |
| 583 | |a last modification |c 20160907 03:47:50 |k Rodrigo Vera | ||
| 999 | |c 294975 |d 294973 | ||
| 952 | |0 0 |1 0 |4 0 |6 639_300000000000000_SHE_1999 |7 0 |8 CCM |9 347754 |a BIBCUR |b BIBCUR |d 2019-11-20 |i 3718964 |o 639.3 SHE 1999 |p 3718964 |r 2025-04-22 |w 2019-11-20 |y BK_R |k RNT | ||
| 952 | |0 0 |1 0 |4 0 |6 639_300000000000000_SHE_1999 |7 0 |8 CCM |9 347755 |a BIBCUR |b BIBCUR |d 2019-11-20 |i 465983K |o 639.3 SHE 1999 |p 465983K |r 2025-04-22 |w 2019-11-20 |y BK_R |k CIM | ||
| 952 | |0 0 |1 0 |4 0 |6 639_300000000000000_SHE_1999 |7 0 |8 CCM |9 347756 |a BIBCUR |b BIBCUR |d 2019-11-20 |i 4659848 |o 639.3 SHE 1999 |p 4659848 |r 2025-04-22 |w 2019-11-20 |y BK_R |k CIM | ||
| 952 | |0 0 |1 0 |4 0 |6 639_300000000000000_SHE_1999 |7 0 |8 CCM |9 347757 |a BIBCUR |b BIBCUR |d 2019-11-20 |i 4659856 |o 639.3 SHE 1999 |p 4659856 |r 2025-04-22 |w 2019-11-20 |y BK_R |k CIM | ||